HANNA MONTANA (Record no. 2327)
[ view plain ]
| 000 -LEADER | |
|---|---|
| fixed length control field | 00635nam a22001457a 4500 |
| 020 ## - INTERNATIONAL STANDARD BOOK NUMBER | |
| ISBN | 978-1-4075-0239-7 |
| 082 ## - DEWEY DECIMAL CLASSIFICATION NUMBER | |
| Classification number | 823 |
| Item number | MCE/H |
| 100 ## - MAIN ENTRY--AUTHOR NAME | |
| Personal name | PORYES, MICHAEL |
| 245 ## - TITLE STATEMENT | |
| Title | HANNA MONTANA |
| Remainder of title | SUPER SNEAK |
| 260 ## - PUBLICATION, DISTRIBUTION, ETC. (IMPRINT) | |
| Place of publication | UNITED KINGDOM |
| Name of publisher | PARRAGON |
| Year of publication | 2007 |
| 300 ## - PHYSICAL DESCRIPTION | |
| Number of Pages | 124 |
| 520 ## - SUMMARY, ETC. | |
| Summary, etc | Miley sneaks out with Lily and Oliver to attend the preview of a hot new movie, even though her dad told her to stay home and study for exams. But, when her single dad shows up at the same theatre with a mystery woman, Miley wonders who she is, and how she can find out without giving her own secret away. |
| 650 ## - SUBJECT ADDED ENTRY--TOPICAL TERM | |
| Topical Term | NOVEL |
| Geographic subdivision | UNITED KINGDOM |
| 942 ## - ADDED ENTRY ELEMENTS (KOHA) | |
| Koha item type | Books |
| Withdrawn status | Lost status | Collection code | Home library | Current library | Shelving location | Date acquired | Source of acquisition | Full call number | Accession Number | Koha item type | Cost, normal purchase price |
|---|---|---|---|---|---|---|---|---|---|---|---|
| Fiction | Main Library | Main Library | SHELF 1-J-ENGLISH NOVELS FOR TEACHERS | 12/03/2014 | purchase | 823 MCE/H | 07871 | Books | |||
| Fiction | Main Library | Main Library | SHELF 1-J-ENGLISH NOVELS FOR TEACHERS | 22/03/2014 | purchase | 823 MCE/H | 08098 | Books | |||
| Fiction | Main Library | Main Library | SHELF 1-J-ENGLISH NOVELS FOR TEACHERS | 19/03/2014 | purchase | 823 MCE/H | 07977 | Books | |||
| Fiction | Main Library | Main Library | SHELF 1-J-ENGLISH NOVELS FOR TEACHERS | 30/01/2019 | purchase | 823 MCE/H | 10856 | Books | 40.00 |